:الاسلام والعلاقات الدولية (Record no. 12425)
[ view plain ]
| 000 -LEADER | |
|---|---|
| fixed length control field | 00679nam a22001337a 4500 |
| 008 - FIXED-LENGTH DATA ELEMENTS--GENERAL INFORMATION | |
| fixed length control field | 090727t xxu||||| |||| 00| 0 eng d |
| 082 ## - DEWEY DECIMAL CLASSIFICATION NUMBER | |
| Classification number | 214.327 |
| Item number | ا ت ل |
| 245 ## - TITLE STATEMENT | |
| Title | :الاسلام والعلاقات الدولية |
| Remainder of title | /فى السلم والحرب. دراسة مقارنة |
| Statement of responsibility, etc | خديجة احمد ابو اتله |
| 260 ## - PUBLICATION, DISTRIBUTION, ETC. (IMPRINT) | |
| Place of publication, distribution, etc | :القاهرة |
| Name of publisher, distributor, etc | ،دار المعارف |
| Date of publication, distribution, etc | 1983 |
| 300 ## - PHYSICAL DESCRIPTION | |
| Extent | 236 ؛ ص |
| Dimensions | 23 سم |
| 650 ## - SUBJECT ADDED ENTRY--TOPICAL TERM | |
| 9 (RLIN) | 8142 |
| Topical term or geographic name as entry element | الإسلام والعلاقات الخارجية |
| 942 ## - ADDED ENTRY ELEMENTS (KOHA) | |
| Source of classification or shelving scheme | Dewey Decimal Classification |
| Item type | Book - Borrowing |
| Withdrawn status | Item status | Source of classification or shelving scheme | Damaged status | Not for loan | Vendor | Home library | Current library | Shelving location | Date acquired | Source of acquisition | Total Checkouts | Total Renewals | Full call number | Barcode | Date last seen | Date last borrowed | Koha item type |
|---|---|---|---|---|---|---|---|---|---|---|---|---|---|---|---|---|---|
| Dewey Decimal Classification | Alef-Baa | Central Library | Central Library | Lower Floor | 27/07/2009 | 2 | 1 | 214.327 الا | 000017720 | 15/07/2025 | 24/09/2024 | Book - Borrowing |